00554 2200205 4500001002100000005001500021008004100036020002200077035001900099041000700118082001300125090001900138100001900157700001000176245007300186250000600259260004000265300002700305650001600332INLIS00000000000242820241224112533241224||||||||| | ||| |||| || |  a978-602-9018-94-3 0010-1224002428 aid0 a610.7301 a610.7301 DED k0 aDeden Dermawan0 aRusdi00aKeperawatan Jiwa : Konsep dan Kerangka Kerja asuhan Keperawatan Jiwa a1 aYogyakartabGosyen Publishingc2013 ax, 262 hlm; 16 x233 cm 0aKeperawatan